Barda Balka /

محفوظ في:

المؤلف الرئيسي: Howe, Bruce, 1912- (مؤلف)

التنسيق: كتاب

اللغة: English

منشور في: Chicago, Illinois : Oriental Institute of the University of Chicago, 2014.

سلاسل: Oriental Institute Communications ; 31.
OIC ; 31.

الموضوعات:

الوسوم: إضافة وسم

لا توجد وسوم, كن أول من يضع وسما على هذه التسجيلة!

رقم الطلب: DS41 .C53 v.31

LEADER 00933nam a2200277Ia 4500
003 OSt
005 20260302145109.0
008 201123t20142014iluabf b 000 0 eng d
020 |a 9781614910008 
040 |c ARCE Library 
043 |a a-iq--- 
050 4 |a DS41 .C53 v.31 
100 1 |a Howe, Bruce,  |d 1912-  |e author 
245 1 0 |a Barda Balka /  |c by Bruce Howe ; with a foreword by Yorke M. Rowan. 
264 1 |a Chicago, Illinois :  |b Oriental Institute of the University of Chicago,  |c 2014. 
264 4 |c ©2014. 
300 |a xv, 32 pages, [32] pages of plates :   |b illustrations (some color), map ;   |c 30 cm. 
490 0 |a Oriental Institute Communications ;  |v 31. 
490 0 |a OIC ;   |v 31. 
504 |a Includes bibliographical references. 
650 0 |a Excavations (Archaeology)   |z Iraq  |z Barda Balka. 
650 0 |a Stone age   |z Iraq. 
651 0 |a Barda Balka Site (Iraq) 
901 |a reviewed 
942 |c BK  |2 lcc 
999 |c 31338  |d 31338